| 000 | 01180nam a2200325 i 4500 | ||
|---|---|---|---|
| 003 | EG-GICUC | ||
| 005 | 20260502142831.0 | ||
| 008 | 260502s1997 ua fr|||| 00| 0 ara d | ||
| 040 |
_a EG-GICUC _bara _c EG-GICUC _d EG-GICUC _erda |
||
| 041 | 0 | _aara | |
| 082 | 0 | 4 |
_221 _a345.7 _bس ع . ع |
| 092 | 0 | 4 | _221 |
| 099 | _aLaw1 07 345.7 س ع . ع 1997 | ||
| 100 | 0 |
_a سعاد الشرقاوي _eمؤلف. |
|
| 245 | 1 | 2 |
_a العقود الإدارية / _c دكتورة سعاد الشرقاوي. |
| 250 | _a الطبعة الثانية، مزيدة ومعدلة. | ||
| 264 | 1 |
_aالقاهرة: _bدار النهضة العربية؛ _c1997. |
|
| 300 |
_a438 ؛ صفحة _c24 سم |
||
| 336 |
_2rda content _atext |
||
| 337 |
_2rda media _aComputer |
||
| 338 |
_2rda carrier _aOnline Resource |
||
| 504 | _aيشتمل على إرجاعات ببليوجرافية وكشاف. | ||
| 546 | _aالنص باللغة العربية | ||
| 650 | 1 |
_aالقانون الإداري _2qrmak |
|
| 650 | 1 | _a العقود الإدارية | |
| 651 | 1 | _2qrmak | |
| 856 | 4 | 0 | _uhttps://fll.law.cu.edu.eg/fulltext/bks/B07-03263.pdf |
| 905 | _a167 | ||
| 942 |
_2ddc _cBK _e21 _n0 |
||
| 999 |
_c74843 _d74843 |
||